01417cam a2200385 i 45000010002000000030009000020050017000110080041000280400052000690460009001210800008001300800016001382450160001542500015003142600056003293000046003853360027004313370054004583380028005123800016005403800027005563850039005833880014006223880014006366500014006506500012006646550050006766580024007266580028007507000040007787000041008187000037008597100041008968560094009372KOSZ 00520250819120702.0961010s1977 pl f f |000 0 pol d cKOSZ 005aKOSZ 005/RWdKOSZ 005/ARdKOSZ 005/HR k1972 a531 a(075.8+076)00aZbiór zadań z mechaniki ogólnej : bpraca zbiorowa.nT. 1,pStatyka /cpod redakcją Jerzego Leyki i Jana Szmeltera ; [autor : Jerzy Gluza i inni].  aWydanie 3. aWarszawa :bPaństwowe Wydawnictwo Naukowe,c1977. a 209, [2] strony : bilustracje ;c24 cm. aTekstbtxt2rdacontent aBez urządzenia pośredniczącegobn2rdamedia aWoluminbnc2rdacarrier aKsiążki aPublikacje dydaktyczne mPoziom nauczaniaaSzkoły wyższe1 a1901-20001 a1945-1989 7aMechanika 7aStatyka 7aĆwiczenia i zadania dla szkół wyższych aFizyka i astronomia aInżynieria i technika1 aLeyko, Jerzyd(1918-1995)eRedakcja1 aSzmelter, Jand(1920-1978)eRedakcja1 aGluza, Jerzyd(1924-1985)eAutor aPaństwowe Wydawnictwo Naukowe4pbl uhttp://koha.tu.koszalin.pl/cgi-bin/koha/opac-detail.pl?biblionumber=2yKatalog online BPK